| 000 | 01035nas a2200325 4500 | ||
|---|---|---|---|
| 001 | BR2014006313 | ||
| 003 | BR-BrBNA | ||
| 005 | 20231205124601.0 | ||
| 007 | ta | ||
| 008 | 230509b bl.|||p| |||| 00| 00por d | ||
| 040 |
_aBR-BrBNA _bpor _cBiblioteca Nacional de Agricultura |
||
| 041 | _a(En) | ||
| 072 | _aF60; L02 | ||
| 100 | 1 | _aSilva, D.S. da | |
| 100 | 1 | _aAndrade, M.V.M. de | |
| 100 | 1 | _aAndrade, A.P. de | |
| 100 | 1 | _aCarneiro, M.S. de S. | |
| 100 | 1 | _aOliveira, J.S. de | |
| 245 | 1 | _aBromatologic composition of the herbaceous species of the northeastern Brazil caatinga | |
| 650 | _aCOMPOSIÇÃO QUÍMICA | ||
| 650 | _aESPÉCIE NATIVA | ||
| 650 | _aCONDIÇÃO AMBIENTAL | ||
| 650 | _aNUTRIÇÃO ANIMAL | ||
| 650 | _aDIGESTIBILIDADE | ||
| 650 | _aCAATINGA | ||
| 773 | 0 |
_tRevista Brasileira de Zootecnia (Brazil) _xISSN 1806-9290 _g(Apr 2011), v. 40(4) p. 756-764 _wBR2014006313 |
|
| 856 | 4 | 0 | _uhttp://www.scielo.br/pdf/rbz/v40n4/08.pdf |
| 909 |
_a202311 _bLúcia _c55 _dLúcia Elande |
||
| 942 |
_2AGRIS _n0 _cANA |
||
| 999 |
_c239841 _d239841 |
||